000 00524nam a22001697a 4500
005 20251108165410.0
008 250721s1997 xx 000 0 ara d
082 1 4 _aم/641.42/خيط
245 1 0 _aخياطة اللاغجيري من سنجر /
264 1 _aبيروت :
_bدار العلوم العربية،
_c1997.
300 _a95ص
650 1 7 _aالخياطة
650 1 7 _aالملابس الداخلية
710 2 _aمركز التعريب و البرمجة
_eترجمة
942 _2ddc
_cREF
999 _c26959
_d26959